000 00982nam a2200289 a 4500
001 63833
003 BD-RjUL
005 20211209081234.0
008 170204s2006 enka b 001 0 eng d
020 _a0954188241 (pbk.)
035 _a(BD-RjUL)63963
035 _a(UkOxU)UkOxUw13796017
040 _aStDuBDS
_beng
_cStDuBDS
_dBD-RjUL
041 _aeng
082 0 4 _a909.09767
_222
_bBEI 2006
100 1 _aBeg, Muhammad Abdul Jabbar.
_9187456
245 1 0 _aIslamic and Western concepts of civilization :
_ban analysis of history /
_cby Muhammad Abdul Jabbar Beg.
250 _a4th ed.
260 _aCambridge :
_bM. A. J. Beg,
_c2006.
300 _a104 p. :
_bill. ;
_c19 cm.
500 _aPrevious ed.: Kuala Lumpur: University of Malaysia Press, 1982.
504 _aIncludes bibliographical references and index.
650 0 _aIslamic civilization.
_9176041
650 0 _aCivilization, Western.
_9187951
650 0 _aComparative civilization.
_9189517
942 _2ddc
_cBK
999 _c63833
_d63833